Vista normal
Vista MARC
Entrada Materia (tema)
Número de registros utilizados en: 1
001 - CONTROL NUMBER
- control field: 175482
003 - CONTROL NUMBER IDENTIFIER
- control field: Co-BoUCM
005 - DATE AND TIME OF LATEST TRANSACTION
- control field: 20220824091046.0
008 - FIXED-LENGTH DATA ELEMENTS
- fixed length control field: 220824|| aca||aabn | a|a d
040 ## - CATALOGING SOURCE
- Original cataloging agency: Co-BoUCM
- Transcribing agency: Co-BoUCM
150 ## - HEADING--TOPICAL TERM
- Topical term or geographic name as entry element: Violencia contra la mujer
- Geographic subdivision: Sierra Nevada de Santa Marta (Colombia)
670 ## - SOURCE DATA FOUND
- Source citation: Work cat.: (Co-BoUCM): 175480 Vera Salazar, Norma, Armas de guerra, 2019